Harry Potter: Vitmagic - Statistiques

Statistiques générales
  • Ce quiz a été pris 27 fois
  • Le résultat moyen est 3 sur 5
Statistiques - réponses
Information Réponses % Correct
Première apparition Harry Potter et la Chambre des Secrets
86%
Dernière apparition Harry Potter et la Chambre des Secrets
86%
Elève connu Argus Rusard
57%
But Enseigner la magie aux sorciers débutants
29%
Leçon connue Savoir tenir sa baguette
24%
Aucun quiz correspondant
Distribution des résultats
% des personnes avec chaque résultat
Percentile par nombre de réponses
Votre historique - résultats
Vous n’avez pas pris ce quiz